000 00371nam a2200145Ia 4500
008 231129s2000||||xx |||||||||||||| ||spa||
020 _a958-42-1437-3
040 _bspa
082 _aB869.3 C672ma
100 _aCoelho Paulo
245 0 _aManual del guerrero de la luz
260 _c2000
264 _aPlaneta
942 _2ddc
_cBKS
999 _c20493
_d20493